000
00329nam a2200133Ia 4500
100
_a
Kress/Rogers Erika
942
_c
BK
654
_a
ELECTRONICS
245
_a
Handbook of Biosensors and Electronic Noses : Medicine ford & the envionmnet
260
_b
CRC
_a
NONE
_c
1997
300
_a
695
546
_a
ENGLISH
999
_c
21692
_d
21692